01287nam a22002657a 4500003000900000005001700009007000300026008004100029020001800070040002600088100002600114245019000140260004800330300002200378500006500400501007500465590002700540700005300567910001500620942001400635952011500649952012000764952012000884999001701004DO-SdBNP20220531084024.0ta211116b2021 dr ||||| |||| 00| 0 spa d a9789945624120 aDO-SdBNPbspacBNPHU 1 aVargas, Aneury98063810a¿Qué haces aquí? : breflexiones sobre el propósito de vida, las decisiones y las relaciones de los jóvenes /cAneury Vargas Ramírez ; prólogo Gerardo Bautista Brazobán. aSanto Domingo :bFR Multiservicios, c2021. a256 p. ;c24 cm.  aIncluye datos biográficos del autor en la contracubierta.  aIncluye referencias bibliográficas y notas al pie de las páginas  aInventariado, 2021 /LP1 aBautista Brazobán, Gerardo,eprólogo 980639 a Lopérez 2ddccLBS1 00102ddc51708PDaBNPHUbPDcHDd2021-11-16eDepósito Legal l0p2021-28152r2021-11-16w2021-11-16yLFPD 00102ddc51708PDaBNPHUbPDcHDd2021-11-16eDepósito Legal l0p2021-28153r2021-11-16te.2w2021-11-16yLFPD 00102ddc56708DSaBNPHUbDOcHDd2021-11-16eDepósito Legal l0p2021-28154r2021-11-16te.3w2021-11-16yLFDS c50976d50976